000 00318nam a2200133Ia 4500
008 240624s9999 xx 000 0 und d
041 _aeng
082 _a823 FAI
100 _aFAIYAZ AHMED
245 _aDOWN THE ROAD
260 _c2011
_aBangalore
_bGrey Oak Publishers
300 _avi, : 225 : p.
365 _cRS
_b25
999 _c22218
_d22218